000 00973nam a2200277 i 4500
001 185342
003 SpMaBN
005 20251008152331.0
008 160523s2015 sp d |||| |dspa d
020 _a978-84-16288-46-5
080 _a323.2(460)"20"
080 _a331.109(460)
080 _a338.124(460)"2008/..."
100 1 _aLacalle, Daniel,
_d1939-2025
_9159612
245 1 0 _aConflictividad y crisis
_b: España 2008-2013 /
_cJosé Daniel Lacalle.
260 _a[Barcelona] :
_bEl Viejo Topo,
_c[2015]
300 _a193 p. :
_bgráf. ;
_c22 cm.
504 _aReferencias bibliográficas.
650 0 7 _aConflictos laborales-
_zEspaña.
_9157827
650 _aMovimientos sociales-
_zEspaña.
_9151285
650 7 _aCrisis económicas-
_y2008-
_zEspaña.
_9154148
710 2 _aFundación de Investigaciones Marxistas.
_94272
852 _aES-MaACL
_jA-13773
_9192368
_bR.151013
_cDEPO1
_dOlim: N-6773
942 _2udc
_cMONOGRAFIA
999 _c185342
_d185342